Observaciones a la valoración de una prueba / A. Granada
Publicado:
[Barcelona] :
Instituto Psicotécnico de la Exma. Diputación Provincial de Barcelona ,
1951
Descripción Física:
12 p. : il. ; 25 cm
MARC
| LEADER | 00000nam a2200000Ia 4500 | ||
|---|---|---|---|
| 001 | 14745 | ||
| 008 | 160829s1951 xx 000 0 cat d | ||
| 080 | |a FU-29-24 | ||
| 100 | |a Granada Pich, Agustín |9 24704 | ||
| 245 | |a Observaciones a la valoración de una prueba / A. Granada | ||
| 260 | |a [Barcelona] : |b Instituto Psicotécnico de la Exma. Diputación Provincial de Barcelona, |c 1951 | ||
| 300 | |a 12 p. : |b il. ; |c 25 cm | ||
| 490 | |a Monografías, estudios y documentaciones psicotécnicas ; Vol. 3, no. 6 | ||
| 650 | |a Aptitud |x Tests |9 32171 | ||
| 650 | |a Psicometria |x Metodologia |9 32172 | ||
| 650 | |a Personal |x Selecció |x Tests |9 32173 | ||
| 710 | 2 | |9 54312 |a Institut Psicotècnic de Barcelona | |
| 856 | 4 | |u https://media.diba.cat/diba/fitxers/arxiu/fulletons/bib_14745_1951_baixa.pdf |y Accés lliure | |
| 856 | 4 | |u https://media.diba.cat/diba/fitxers/arxiu/fulletons/bib_14745_1951_baixa.pdf |y Accés lliure | |
| 900 | |a bib_14745_1951_baixa.pdf | ||
| 901 | |a Arxiu | ||
| 942 | |n 1 |2 udc | ||
| 952 | |0 0 |1 0 |4 0 |6 FU2924 |7 1 |9 45893 |a Arxiu |b Arxiu |d 2016-12-01 |l 0 |o FU-29-24 |p 14745 |r 2016-12-01 00:00:00 |w 2016-12-01 |y ARXIU | ||
| 999 | |c 49394 |d 49394 | ||